000 01071cam a2200361 i 4500
001 0000523
003 DO-SdBNP
005 20180209115949.0
007 0000523
008 100514s 2007 sp | |||| 000 f spa
015 _a
017 _a
_b
020 _a8484470024
035 _a
040 _aBPMSU
_bspa
_cBPMSU
_e
080 _a
082 4 _a843.8
_bV531ro
100 1 _aVerne, Julio,
_d1828-1905
240 1 0 _aRobur le conquérant
_lEspañol
245 1 0 _aRobur el conquistador /
_h
_cJulio Verne ; ilustraciones Par Benett
260 _aPozuelo de Alarcón, Madrid :
_bEdiciones Rueda J. M.,
_c2007.
300 _a200 p.:
_bil.
_c25 cm
490 1 _aViajes extraordinarios
500 _aTítulo original en francés: Robur le conquérant
650 4 _aNOVELA JUVENIL FRANCESA
650 4 _aLITERATURA JUVENIL FRANCESA
700 1 2 _aBenett, Par
_eil.
830 0 _aViajes extraordinarios
910 _aValidado. Control de calidad MFF
942 _2ddc
_cBK
945 _aInvetariado extranjero / 2018 VM
956 _aYLOCKWARD
_810
_cBPMSU
999 _c10815
_d10815